Aspectos controvertidos del ajuste por inflación impositivo (Registro nro. 20267)

Detalles MARC
000 -LEADER
fixed length control field 00333 a2200109 4500
001 - CONTROL NUMBER
control field ART_50239
005 - DATE AND TIME OF LATEST TRANSACTION
control field 20260410161757.0
008 - FIXED-LENGTH DATA ELEMENTS--GENERAL INFORMATION
fixed length control field 260409a
100 1# - MAIN ENTRY--PERSONAL NAME
Personal name Volman, Mario
245 10 - TITLE STATEMENT
Title Aspectos controvertidos del ajuste por inflación impositivo
773 0# - HOST ITEM ENTRY
Title Doctrina tributaria
Related parts - N°477 (dic. 2019)
Record control number REV4296

No hay ítems disponibles.